[Event "GRE-chT Online Rapid op 1st"]
[Site "Tornelo INT"]
[Date "2021.02.20"]
[Round "4.36"]
[White "Kakomitas, Spyridon"]
[Black "Tzimas, Petros"]
[Result "0-1"]
[WhiteElo "1172"]
[BlackElo "1629"]
[PlyCount "98"]
[EventDate "2021.02.20"]
[EventType "team-swiss (rapid)"]
[EventRounds "9"]
[EventCountry "GRE"]
[SourceTitle "EXT 2023"]
[Source "ChessBase"]
[SourceDate "2022.10.05"]
[SourceVersion "1"]
[SourceVersionDate "2022.10.05"]
[SourceQuality "1"]

1. d4 d5 2. c4 e6 3. Nc3 Nf6 4. Bg5 Be7 5. cxd5 exd5 6. e3 0-0 7. Bd3 h6 8. Bh4 Ne4 9. Bxe4 dxe4 10. Bg3 Bb4 11. Nge2 Bf5 12. Qb3 Bxc3+ 13. Nxc3 b6 14. 0-0 c6 15. Qc2 Re8 16. Ne2 Qd7 17. Rac1 Rc8 18. b4 Qe6 19. a3 Nd7 20. Nf4 Qf6 21. Qb2 g5 22. Ne2 c5 23. bxc5 bxc5 24. f3 Qb6 25. Qa2 cxd4 26. fxe4 Be6 27. Qb1 dxe3 28. Rxc8+ Rxc8 29. Qxb6 Nxb6 30. Nd4 Bc4 31. Rc1 Rd8 32. Nc6 Rd2 33. Nxa7 e2 34. Nc6 Rd1+ 35. Rxd1 exd1Q+ 36. Kf2 Qc2+ 37. Kf3 Be2+ 38. Kf2 Qxc6 39. Kxe2 Qxe4+ 40. Kf2 Nc4 41. a4 Qe3+ 42. Kf1 Qa3 43. h4 Qxa4 44. hxg5 hxg5 45. Bf2 Qd1+ 46. Be1 Nd2+ 47. Kf2 Ne4+ 48. Kf1 Qd3+ 49. Kg1 Qe2 0-1

[Event "GRE-ch Online Blitz op 1st"]
[Site "Tornelo INT"]
[Date "2021.02.07"]
[Round "5"]
[White "Bardis, Harilaos Panagiotis"]
[Black "Tzimas, Petros"]
[Result "1-0"]
[WhiteElo "1934"]
[BlackElo "1596"]
[PlyCount "73"]
[EventDate "2021.02.07"]
[EventType "swiss (blitz)"]
[EventRounds "16"]
[EventCountry "GRE"]
[SourceTitle "EXT 2023"]
[Source "ChessBase"]
[SourceDate "2022.10.05"]
[SourceVersion "1"]
[SourceVersionDate "2022.10.05"]
[SourceQuality "1"]

1. d4 d5 2. Nf3 Nf6 3. g3 Nc6 4. Bg2 Bg4 5. 0-0 Qd7 6. Ne5 Nxe5 7. dxe5 Ng8 8. Bxd5 0-0-0 9. Nc3 e6 10. Bf3 Qe7 11. Qe1 Bh3 12. Bg2 Bxg2 13. Kxg2 h5 14. h4 f6 15. exf6 gxf6 16. e4 Bh6 17. Nb5 a6 18. Na7+ Kb8 19. Be3 Bxe3 20. Qxe3 Nh6 21. Rad1 Ng4 22. Nc6+ bxc6 23. Qb3+ Ka7 24. Qc4 Ne5 25. Qa4 Qc5 26. b4 Qb5 27. Qb3 Rde8 28. a4 Qc4 29. Qe3+ Ka8 30. c3 Ng4 31. Qf4 e5 32. Qf5 Nh6 33. Qd7 Qxe4+ 34. Kg1 Ng4 35. Qxc7 Rc8 36. Qb6 Qf3 37. Rd7 1-0

[Event "GRE-ch Online Blitz op 1st"]
[Site "Tornelo INT"]
[Date "2021.02.07"]
[Round "10"]
[White "Tzimas, Petros"]
[Black "Agrafiotis, Ioannis Stylianos"]
[Result "1-0"]
[WhiteElo "1596"]
[BlackElo "1231"]
[PlyCount "91"]
[EventDate "2021.02.07"]
[EventType "swiss (blitz)"]
[EventRounds "16"]
[EventCountry "GRE"]
[SourceTitle "EXT 2023"]
[Source "ChessBase"]
[SourceDate "2022.10.05"]
[SourceVersion "1"]
[SourceVersionDate "2022.10.05"]
[SourceQuality "1"]

1. e4 e5 2. f4 exf4 3. Nf3 Nc6 4. Bc4 d6 5. 0-0 Bg4 6. c3 Qd7 7. d4 Nf6 8. Bxf4 0-0-0 9. Nbd2 Re8 10. Bb5 Nxe4 11. d5 Nxd2 12. Qxd2 a6 13. dxc6 bxc6 14. Bxa6+ Kd8 15. Nd4 g6 16. Rfe1 Rxe1+ 17. Rxe1 Bg7 18. Qf2 c5 19. Bb5 c6 20. Bxc6 Qc7 21. Qe3 Bxd4 22. cxd4 Qxc6 23. Qe7+ Kc8 24. dxc5 Qxc5+ 25. Be3 Qc6 26. Rc1 Qxc1+ 27. Bxc1 Rd8 28. h3 Bh5 29. Bg5 Rd7 30. Qe8+ Kc7 31. Qa8 Bd1 32. Qa7+ Kc6 33. Qa4+ Kc7 34. Qxd1 Kc6 35. Bf4 d5 36. b4 Rb7 37. a3 Ra7 38. Qd3 Ra4 39. Qb3 Ra8 40. b5+ Kb6 41. a4 Ka5 42. Bd2+ Kb6 43. Be3+ Kc7 44. b6+ Kd6 45. b7 Re8 46. b8Q+ 1-0

[Event "GRE-ch Online Blitz op 1st"]
[Site "Tornelo INT"]
[Date "2021.02.07"]
[Round "8"]
[White "Tzimas, Petros"]
[Black "Sampsonoglou, Dimitrios1111"]
[Result "0-1"]
[WhiteElo "1596"]
[BlackElo "1186"]
[PlyCount "44"]
[EventDate "2021.02.07"]
[EventType "swiss (blitz)"]
[EventRounds "16"]
[EventCountry "GRE"]
[SourceTitle "EXT 2023"]
[Source "ChessBase"]
[SourceDate "2022.10.05"]
[SourceVersion "1"]
[SourceVersionDate "2022.10.05"]
[SourceQuality "1"]

1. e4 c5 2. Nf3 Nc6 3. d4 cxd4 4. Nxd4 Nf6 5. Nc3 e6 6. Be3 Bb4 7. f3 d5 8. Bd3 dxe4 9. Bxe4 Nxe4 10. fxe4 Qa5 11. 0-0 Bxc3 12. Nxc6 bxc6 13. bxc3 Qxc3 14. Bd4 Qc4 15. Bxg7 Rg8 16. Qd4 Qxd4+ 17. Bxd4 Ba6 18. Rf3 0-0-0 19. Bxa7 Rd2 20. Rb1 Rgxg2+ 21. Kh1 Rxh2+ 22. Kg1 Rdg2# 0-1